000 01501nam a22003015i 4500
001 158741
003 ES-MaACL
005 20240512063038.0
008 950410m18521853sp a |||| | spa d
040 _aEUS
_bspa
_cEUS
100 1 _aMariana, Juan de,
_d1536-1624
_976675
245 1 0 _aHistoria general de España /
_cla compuesta, enmendada y añadida por el Padre Mariana ; con la continuación de Miniana ; completada con todos los sucesos que comprenden el escrito clásico sobre el reinado de Cárlos III, por el Conde de Floridablanca, la historia de su levantamiento, guerra y revolución, por el Conde de Toreno, y la contemporánea hasta nuestros días ; adornada con 250 láminas.
260 _aMadrid :
_bImprenta y Librería de Gaspar y Roig,
_c1852-1853.
300 _a3 v. (665 ; 654 ; 467 p.) :
_bil. ;
_c28 cm.
490 1 _aBiblioteca ilustrada de Gaspar y Roig
594 _aEn el t. III figura como continuador también Eduardo Chao.
597 _aSignaturizado.
597 _aTexto a dos col.
599 _aRetrato xil. del autor en port. de t. I: "Severia"
599 _aGrab. xil. en port. de t. II y III.
651 4 _aEspaña-
_xHistoria.
_98209
700 1 _aMiñana, José Manuel.
_981391
700 0 _aChao, Eduardo.
_937992
830 0 _aBiblioteca ilustrada de Gaspar y Roig
_9177255
852 _aES-MaACL
_jC-2543-45
_z-- Enc. hol.
852 _aES-MaACL
_jC-2116-18
_z-- Enc. hol.
_z-- Legado M. de la Fuente
999 _c158741
_d158741